00488nam a22001697a 450000500170000000800410001702000230005804000190008104100120010008200110011210000220012324500650014526000590021030000160026965000230028585000100030820140429112013.0140429b xxu||||| |||| 00| 0 eng d a9789350094488c395 aLoreto College aEnglish aFbLID aLiddle, Madhulika aEngraved in stoneba Muzaffar Jang mysterycMadhulika Liddle aGurgaonbHachette Book Publishing India Pvt. Ltdc2012 a309pb22 cm aFiction in English aLCLIB